[Event "Frederikssund Weekend G3 2nd"]
[Site "Frederikssund"]
[Date "2004.09.24"]
[Round "1"]
[White "Scherwin, Claes"]
[Black "Andersen, Thomas"]
[Result "1-0"]
[WhiteElo "1478"]
[BlackElo "1000"]
[PlyCount "45"]
[EventDate "2004.09.24"]
[EventType "tourn"]
[EventRounds "5"]
[EventCountry "DEN"]
[SourceTitle "EXT 2023"]
[Source "ChessBase"]
[SourceDate "2022.10.05"]
[SourceVersion "1"]
[SourceVersionDate "2022.10.05"]
[SourceQuality "1"]

1. e4 e5 2. Nf3 Nc6 3. Bc4 Nh6 4. c3 Qf6 5. d4 d6 6. h4 Be6 7. d5 Bd7 8. dxc6 Bxc6 9. Qc2 Qg6 10. Nbd2 Qxg2 11. Rg1 Qh3 12. Rg3 Qd7 13. Nb3 Be7 14. Bxh6 gxh6 15. 0-0-0 0-0-0 16. Nxe5 Qe8 17. Nxf7 Bxh4 18. Rg4 Bf6 19. Nxh8 Qxh8 20. Rdg1 d5 21. exd5 Bxd5 22. Bxd5 Rxd5 23. Rg8+ 1-0

[Event "Frederikssund DSU 100 years G"]
[Site "Frederikssund"]
[Date "2003.02.07"]
[Round "1"]
[White "Andersen, Thomas"]
[Black "Vingaard, Lars"]
[Result "0-1"]
[WhiteElo "1000"]
[BlackElo "1200"]
[PlyCount "44"]
[EventDate "2003.02.07"]
[EventType "tourn"]
[EventRounds "5"]
[EventCountry "DEN"]
[SourceTitle "EXT 2023"]
[Source "ChessBase"]
[SourceDate "2022.10.05"]
[SourceVersion "1"]
[SourceVersionDate "2022.10.05"]
[SourceQuality "1"]

1. e4 e5 2. Nf3 d6 3. Nc3 Nf6 4. d3 Be6 5. Bg5 Nc6 6. Be2 Be7 7. 0-0 h6 8. Bxf6 gxf6 9. Nd5 f5 10. Nxe7 Qxe7 11. Qd2 f4 12. d4 exd4 13. Nxd4 Nxd4 14. Qxd4 Rg8 15. b3 Bh3 16. Bf3 Qg5 17. Qd5 Qg7 18. Qxb7 Rd8 19. Qc6+ Rd7 20. Qa8+ Ke7 21. Qxa7 Bxg2 22. Rfe1 Bxf3+ 0-1